000
00288nam a22001337a 4500
008
170731b xxu||||| |||| 00| 0 eng d
020
_a
9781423925170
041
_a
eng
080
_2
11TH
_a
004
100
_a
32
101
_a
SHK
245
_a
COMPUTER CONCEPTS
_c
OJA,D
942
_2
udc
_c
BK
999
_c
22311
_d
22311